书目信息 |
| 题名: |
东风EQ1090E(EQ140-1)载货汽车构造图册
|
|
| 作者: | ;第二汽车制造厂 编 | |
| 分册: | ||
| 出版信息: | 北京 人民交通出版社 1991 |
|
| 页数: | 1册 | |
| 开本: | 26x36cm | |
| 丛书名: | ||
| 单 册: | ||
| 中图分类: | U469.2-64 | |
| 科图分类: | ||
| 主题词: | 载重汽车,东风EQ140--构造--1型--图集 | |
| 电子资源: | ||
| ISBN: | 7-114-01196-2 | |
| 000 | 00678nam0 2200205 450 | |
| 001 | CAL 012001352532 | |
| 005 | 20061123150341.46 | |
| 010 | @a7-114-01196-2@dCNY 10.00 | |
| 099 | @aCAL 012001352532 | |
| 100 | @a19920511d1991 em y0chiy0121 ea | |
| 101 | 0 | @achi |
| 102 | @aCN@b110000 | |
| 200 | 1 | @a东风EQ1090E(EQ140-1)载货汽车构造图册@ADONG FENG EQ1090E(EQ140-1) ZAI HUO QI CHE GOU ZAO TU CE@f第二汽车制造厂编 |
| 210 | @a北京@c人民交通出版社@d1991 | |
| 215 | @a1册@d26x36cm | |
| 606 | 0 | @a载重汽车,东风EQ140@x构造@x1型@j图集 |
| 690 | @aU469.2-64@v4 | |
| 711 | 02 | @a第二汽车制造厂@ADi er qi che zhi zao chang@4编 |
| 801 | @aCN@bHNTF@c20061123 | |
| 905 | @apdsgxy@dU469.2-64@eD429 | |
| 东风EQ1090E(EQ140-1)载货汽车构造图册/第二汽车制造厂编.-北京:人民交通出版社,1991 |
| 1册;26x36cm |
| ISBN 7-114-01196-2:CNY 10.00 |
| ● |
| 相关链接 |
|
|
|
正题名:东风EQ1090E(EQ140-1)载货汽车构造图册
索取号:U469.2-64/D429
 
预约/预借
| 序号 | 登录号 | 条形码 | 馆藏地/架位号 | 状态 | 备注 |
| 1 | 616010 | 206160107 | 自科二线404/404自科库 1排4列1层/ [索取号:U469.2-64/D429] | 在馆 | |
| 2 | 616011 | 206160116 | 自科二线404/404自科库 1排4列1层/ [索取号:U469.2-64/D429] | 在馆 | |
| 3 | 616012 | 206160125 | 自科库501/501自科库 56排5列4层/ [索取号:U469.2-64/D429] | 在馆 | |
| 4 | 616013 | 206160134 | 自科二线404/404自科库 1排4列1层/ [索取号:U469.2-64/D429] | 在馆 | |
| 5 | 616032 | 206160321 | 自科二线404/404自科库 1排4列1层/ [索取号:U469.2-64/D429] | 在馆 |